Lửa và nước : Tiểu thuyết = Eating fire and drinking water
שמור ב:
| מחבר ראשי: | |
|---|---|
| פורמט: | ספר |
| שפה: | Undetermined |
| יצא לאור: |
Hà Nội
Phụ nữ
2006
|
| נושאים: | |
| תגים: |
הוספת תג
אין תגיות, היה/י הראשונ/ה לתייג את הרשומה!
|
| Thư viện lưu trữ: | Trung tâm Học liệu Trường Đại học Cần Thơ |
|---|
| LEADER | 00679nam a2200217Ia 4500 | ||
|---|---|---|---|
| 001 | CTU_112464 | ||
| 008 | 210402s9999 xx 000 0 und d | ||
| 020 | |c 56000 | ||
| 082 | |a 823 | ||
| 082 | |b C434 | ||
| 100 | |a Chai, Arlene J. | ||
| 245 | 0 | |a Lửa và nước : | |
| 245 | 0 | |b Tiểu thuyết = Eating fire and drinking water | |
| 245 | 0 | |c Arlene J. Chai ; Nguyễn Thị Tuyết biên dịch | |
| 260 | |a Hà Nội | ||
| 260 | |b Phụ nữ | ||
| 260 | |c 2006 | ||
| 650 | |a Orphans,Revolutionaries,Political fiction,English fiction | ||
| 650 | |x Fiction,Fiction,Fiction | ||
| 904 | |i Minh | ||
| 980 | |a Trung tâm Học liệu Trường Đại học Cần Thơ | ||